000 00571 a2200169 4500
041 0 _aeng
245 0 0 _aProceedings Of The Royal Society
_bseries a: mathematical & physical sciences /
_cRoyal Society.
260 _aLondon :
_bThe royal society,
_c1956-.
300 _c[30] cm.
336 _aTekst
_btxt
_2rdacontent
337 _aBez urządzenia pośredniczącego
_bn
_2rdamedia
338 _aWolumin
_bnc
_2rdacarrier
380 _aCzasopisma
650 _aFizyka
650 _aMatematyka
710 2 _aRoyal Society.
_eInstytucja sprawcza
710 2 _aThe Royal Society.
_eWydawca
_4pbl
999 _c23567
_d23567